| 000 | 00968cam6a220026500 4500 | ||
|---|---|---|---|
| 001 | lce01151745 | ||
| 008 | 690709s1968 nbuabe b 000 0 eng | ||
| 010 | _a 79600250 //r892 | ||
| 035 | _a(Sirsi) r89666 | ||
| 035 | _a(DLC) 79600250 //r892 | ||
| 035 | _a(UPRA)lce01151745 | ||
| 043 | _an-us-sd | ||
| 050 | 0 |
_aE78.S63 _bH59 |
|
| 082 | _a970.4/83/55 | ||
| 100 | 1 |
_aHoffman, John Jacob, 1931- _dHoffman, John Jacob, 1931- _6A49209.1 |
|
| 245 | 1 | 4 |
_aThe La Roche sites, _cby J. J. Hoffman. Editor: Jerome E. Petsche. |
| 260 |
_aLincoln, Neb., _c1968. |
||
| 490 | 1 |
_aRiver Basin Surveys. Publications in salvage archeology, _vno. 11 |
|
| 504 | _aBibliography: p. 94-97. | ||
| 650 | 0 |
_aSalvage archaeology -- South Dakota. _zSalvage archaeology -- South Dakota. _6S37912.1 |
|
| 651 | 0 |
_aLa Roche site. _6S37930.1 |
|
| 830 | 0 |
_aPublications in salvage archeology ; _vno. 11. _6S8076.1 |
|
| 949 |
_aE78.S63 _wlcc _i-125927 _mMAIN _tBOOK _lON-SHELF |
||
| 004 | 89666 | ||
| 999 |
_c201544 _d201543 |
||